[Event "Interclubes Paulista"]
[Site "Sao Paulo BRA"]
[Date "2007.02.25"]
[Round "3"]
[White "Pelikian, Jefferson"]
[Black "Rabinovich, Alexander"]
[Result "0-1"]
[WhiteElo "2379"]
[BlackElo "2423"]
[PlyCount "106"]
[GameId "2129405106438677"]
[EventDate "2007.02.24"]
[EventType "team"]
[EventRounds "7"]
[EventCountry "BRA"]
[SourceTitle "The Week in Chess 646"]
[Source "Mark Crowther"]
[SourceDate "2007.03.26"]
[SourceVersion "1"]
[SourceVersionDate "2007.03.26"]
[SourceQuality "2"]

1. e4 e6 2. d4 d5 3. Nd2 Nf6 4. e5 Nfd7 5. c3 c5 6. Bd3 Nc6 7. Ne2 cxd4 8. cxd4 f6 9. exf6 Qxf6 10. Nf3 h6 11. a3 Bd6 12. Bc2 O-O 13. O-O Rd8 14. Qd3 Nf8 15. b4 Bd7 16. Bb2 Rac8 17. Rac1 Be8 18. Qd2 Bh5 19. Ne1 Bxe2 20. Qxe2 Nxd4 21. Bxd4 Qxd4 22. Nf3 Qf4 23. g3 Qf6 24. Bb1 Kh8 25. Qd3 Bc7 26. Nh4 g5 27. Ng6+ Nxg6 28. Qxg6 Qxg6 29. Bxg6 Kg7 30. Bd3 Bb8 31. Kg2 Rxc1 32. Rxc1 e5 33. f3 g4 34. fxg4 e4 35. Bb1 Rf8 36. Rf1 Rxf1 37. Kxf1 Kf6 38. h4 Bd6 39. g5+ hxg5 40. hxg5+ Kxg5 41. Ba2 d4 42. Bd5 Kf5 43. Bxb7 d3 44. a4 Bc7 45. b5 Bd8 46. Bc8+ Ke5 47. Bg4 Kd4 48. Kf2 Bb6 49. Bd1 Kc3+ 50. Ke1 Bc7 51. g4 Bg3+ 52. Kf1 Kd2 53. a5 Kxd1 0-1

[Event "Interclubes Paulista"]
[Site "Sao Paulo BRA"]
[Date "2007.03.04"]
[Round "6"]
[White "Limberg, Estacio Vermelho"]
[Black "Rabinovich, Alexander"]
[Result "0-1"]
[WhiteElo "2255"]
[BlackElo "2423"]
[PlyCount "78"]
[GameId "2129405106438722"]
[EventDate "2007.02.24"]
[EventType "team"]
[EventRounds "7"]
[EventCountry "BRA"]
[SourceTitle "The Week in Chess 646"]
[Source "Mark Crowther"]
[SourceDate "2007.03.26"]
[SourceVersion "1"]
[SourceVersionDate "2007.03.26"]
[SourceQuality "2"]

1. e4 e6 2. d4 d5 3. Nc3 Nf6 4. e5 Nfd7 5. f4 c5 6. Nf3 Nc6 7. Be3 Qb6 8. Na4 Qa5+ 9. c3 b6 10. a3 c4 11. b4 cxb3 12. Qxb3 Ba6 13. f5 Bxf1 14. Rxf1 exf5 15. g4 f4 16. Bxf4 Nd8 17. Kf2 Rc8 18. Rfc1 Be7 19. Bd2 Qa6 20. Nb2 Qb7 21. c4 dxc4 22. Nxc4 O-O 23. Bb4 Bxb4 24. axb4 Qd5 25. Ncd2 Qb7 26. Nc4 Qd5 27. Ncd2 Qb7 28. Rxa7 Qxa7 29. Rxc8 b5 30. Kg3 Nb6 31. Rc5 Qd7 32. Qd3 Ne6 33. Rxb5 Nd5 34. Ne4 Nef4 35. Nc5 Qd6 36. Qc4 h5 37. Ra5 Qe6 38. g5 Qf5 39. Ra2 Qg4+ 0-1

[Event "ISR-Tch"]
[Site "ISR"]
[Date "2003.01.18"]
[Round "1"]
[White "Chernomordik, Pavel"]
[Black "Rabinovich, Alexander"]
[Result "0-1"]
[WhiteElo "2305"]
[BlackElo "2425"]
[PlyCount "62"]
[GameId "2129405137106561"]
[EventDate "2003.01.??"]
[EventType "team"]
[EventRounds "11"]
[EventCountry "ISR"]
[SourceTitle "EXT 2004"]
[Source "ChessBase"]
[SourceDate "2003.11.25"]
[SourceVersion "1"]
[SourceVersionDate "2003.11.25"]
[SourceQuality "1"]

1. e4 e6 2. d4 d5 3. Nc3 Nf6 4. Bg5 Bb4 5. e5 h6 6. Bd2 Bxc3 7. bxc3 Ne4 8. Qg4 Kf8 9. Nf3 c5 10. Bd3 Nxd2 11. Kxd2 c4 12. Be2 Nc6 13. h4 b5 14. h5 Bd7 15. Qf4 a5 16. g4 b4 17. g5 bxc3+ 18. Kd1 Qb6 19. a3 hxg5 20. Qxg5 Nxd4 21. h6 gxh6 22. Qf6 Rg8 23. Qxh6+ Ke8 24. Qe3 Qb2 25. Rc1 Nxc2 26. Rxc2 Ba4 27. Nd4 Rb8 28. Bf3 Bxc2+ 29. Nxc2 Qb1+ 30. Qc1 Qa2 31. Ke2 Rb2 0-1

[Event "ISR-Tch"]
[Site "ISR"]
[Date "2003.01.24"]
[Round "2"]
[White "Boim, Inon"]
[Black "Rabinovich, Alexander"]
[Result "1/2-1/2"]
[WhiteElo "2382"]
[BlackElo "2425"]
[PlyCount "111"]
[GameId "2129405137106572"]
[EventDate "2003.01.??"]
[EventType "team"]
[EventRounds "11"]
[EventCountry "ISR"]
[SourceTitle "EXT 2004"]
[Source "ChessBase"]
[SourceDate "2003.11.25"]
[SourceVersion "1"]
[SourceVersionDate "2003.11.25"]
[SourceQuality "1"]

1. d4 d5 2. Nf3 c6 3. e3 Nf6 4. c4 e6 5. Nc3 Nbd7 6. Bd3 dxc4 7. Bxc4 b5 8. Bd3 b4 9. Ne4 c5 10. dxc5 Nxc5 11. Bb5+ Bd7 12. Bxd7+ Nfxd7 13. Nxc5 Nxc5 14. O-O Be7 15. Qd4 Qxd4 16. Nxd4 Rc8 17. Rd1 O-O 18. b3 Rfd8 19. Bb2 Bf6 20. Rac1 Ne4 21. f3 Nc3 22. Bxc3 bxc3 23. f4 g5 24. g3 gxf4 25. gxf4 c2 26. Rd2 Rc3 27. Kf2 e5 28. Nf3 Rxd2+ 29. Nxd2 exf4 30. Nc4 fxe3+ 31. Ke2 Be7 32. h4 h5 33. Nxe3 Bxh4 34. Rxc2 Rxc2+ 35. Nxc2 Be7 36. Kf3 Kg7 37. Ne3 Kg6 38. Nd5 Bd6 39. b4 Kf5 40. b5 Bc5 41. a4 Ke5 42. Nf4 h4 43. a5 Kd4 44. Kg4 Bd6 45. b6 a6 46. Ng2 h3 47. Kxh3 Kc5 48. Kg4 Kb5 49. Ne3 Bc5 50. b7 Ba7 51. Kf5 Kxa5 52. Nd5 Bb8 53. Kf6 Kb5 54. Kxf7 a5 55. Ke6 Kc5 56. Nc3 1/2-1/2

[Event "ISR-Tch"]
[Site "ISR"]
[Date "2003.03.01"]
[Round "4"]
[White "Krayz, Alexander"]
[Black "Rabinovich, Alexander"]
[Result "1-0"]
[WhiteElo "2409"]
[BlackElo "2425"]
[PlyCount "65"]
[GameId "2129405137106602"]
[EventDate "2003.01.??"]
[EventType "team"]
[EventRounds "11"]
[EventCountry "ISR"]
[SourceTitle "EXT 2004"]
[Source "ChessBase"]
[SourceDate "2003.11.25"]
[SourceVersion "1"]
[SourceVersionDate "2003.11.25"]
[SourceQuality "1"]

1. e4 e6 2. d4 d5 3. Nd2 Nf6 4. e5 Nfd7 5. Bd3 c5 6. c3 Nc6 7. Ngf3 cxd4 8. cxd4 f6 9. Ng5 Ndxe5 10. dxe5 fxg5 11. Qh5+ Kd7 12. Nf3 g6 13. Qg4 Bb4+ 14. Ke2 Be7 15. Nxg5 Bxg5 16. Qxg5 Qb6 17. Qf6 Re8 18. Re1 Kc7 19. b3 Qb4 20. Bd2 Qg4+ 21. Kf1 Bd7 22. Rac1 Rac8 23. Qg7 Qh4 24. Rxc6+ bxc6 25. Ba5+ Kb8 26. Qxd7 Rf8 27. f3 Rxf3+ 28. gxf3 Qh3+ 29. Kg1 Qxf3 30. Bf1 Qg4+ 31. Kh1 h5 32. Bg2 g5 33. Rf1 1-0

[Event "ISR-Tch"]
[Site "ISR"]
[Date "2003.05.02"]
[Round "9"]
[White "Zoler, Dan"]
[Black "Rabinovich, Alexander"]
[Result "1-0"]
[WhiteElo "2528"]
[BlackElo "2425"]
[PlyCount "107"]
[GameId "2129405137114938"]
[EventDate "2003.01.??"]
[EventType "team"]
[EventRounds "11"]
[EventCountry "ISR"]
[SourceTitle "EXT 2004"]
[Source "ChessBase"]
[SourceDate "2003.11.25"]
[SourceVersion "1"]
[SourceVersionDate "2003.11.25"]
[SourceQuality "1"]

1. d4 d5 2. c4 c6 3. Nf3 Nf6 4. Nc3 e6 5. e3 Nbd7 6. Bd3 Bd6 7. e4 dxe4 8. Nxe4 Nxe4 9. Bxe4 h6 10. O-O O-O 11. Bc2 b6 12. Qd3 f5 13. Re1 Re8 14. Bd2 c5 15. d5 Nf6 16. Bc3 Bb7 17. Rad1 exd5 18. Rxe8+ Nxe8 19. cxd5 Bc8 20. Ne5 Nc7 21. a4 Na6 22. Qf3 Qf8 23. Nc4 Nb4 24. Bb1 Bd7 25. Nxd6 Qxd6 26. Bxf5 Bxf5 27. Qxf5 Rd8 28. Bxb4 cxb4 29. g3 a5 30. b3 Qd7 31. Qe5 b5 32. axb5 Qxb5 33. Qe6+ Kh8 34. d6 Qd7 35. Qxd7 Rxd7 36. Rd5 Kg8 37. Kf1 Kf7 38. Rxa5 Rxd6 39. Rb5 Rd1+ 40. Ke2 Rb1 41. Rxb4 Kg8 42. h4 Kh7 43. h5 Rb2+ 44. Ke3 Rb1 45. g4 Rb2 46. f3 Rb1 47. Rb7 Kh8 48. b4 Kh7 49. Ke4 Re1+ 50. Kf5 Rf1 51. f4 Rb1 52. b5 Rc1 53. g5 hxg5 54. fxg5 1-0

[Event "ISR-Tch"]
[Site "ISR"]
[Date "2002.01.18"]
[Round "2"]
[White "Kagan, Shimon"]
[Black "Rabinovich, Alexander"]
[Result "0-1"]
[WhiteElo "2377"]
[BlackElo "2442"]
[PlyCount "68"]
[GameId "2129405144643488"]
[EventDate "2002.01.12"]
[EventType "team"]
[EventRounds "11"]
[EventCountry "ISR"]
[SourceTitle "The Week in Chess 391"]
[Source "Mark Crowther"]
[SourceDate "2002.05.06"]
[SourceVersion "1"]
[SourceVersionDate "2002.05.06"]
[SourceQuality "2"]

1. e4 e6 2. d4 d5 3. Nd2 Nf6 4. e5 Nfd7 5. f4 c5 6. c3 Nc6 7. Ndf3 Qb6 8. Ne2 f6 9. g3 cxd4 10. cxd4 fxe5 11. fxe5 Bb4+ 12. Nc3 O-O 13. Bf4 Be7 14. Na4 Qa5+ 15. Ke2 b5 16. Nc3 b4 17. Na4 g5 18. Bxg5 Rxf3 19. Kxf3 Bxg5 20. Kg2 Kh8 21. Bd3 Ba6 22. Bxh7 Kxh7 23. Qc2+ Kg7 24. Qxc6 Qb5 25. Qxb5 Bxb5 26. b3 Be3 27. Rad1 Rf8 28. Rhe1 Rf2+ 29. Kh3 Be2 30. Rc1 Bxc1 31. Rxc1 Bb5 32. Rc7 Kg6 33. Rxa7 Kg5 34. g4 Kf4 0-1

[Event "ISR-Tch"]
[Site "ISR"]
[Date "2002.05.11"]
[Round "4"]
[White "Kundin, Alexander"]
[Black "Rabinovich, Alexander"]
[Result "1-0"]
[WhiteElo "2410"]
[BlackElo "2442"]
[PlyCount "77"]
[GameId "2129405144643574"]
[EventDate "2002.01.12"]
[EventType "team"]
[EventRounds "11"]
[EventCountry "ISR"]
[SourceTitle "CBM 088"]
[Source "ChessBase"]
[SourceDate "2002.03.21"]
[SourceVersion "1"]
[SourceVersionDate "2002.03.21"]
[SourceQuality "1"]

1. e4 e6 2. d4 d5 3. Nd2 Nc6 4. Ngf3 Nf6 5. e5 Nd7 6. Be2 f6 7. exf6 Qxf6 8. Nf1 Bd6 9. Ne3 b6 10. O-O Bb7 11. b3 O-O-O 12. Bb2 h5 13. c4 Ne7 14. Qc2 dxc4 15. Nxc4 Kb8 16. Nxd6 cxd6 17. Rac1 Nd5 18. Ba3 Nf8 19. Nd2 Ka8 20. Ne4 Qe7 21. Bb5 Rh6 22. Bc6 a6 23. Bxb7+ Qxb7 24. Nxd6 Qd7 25. Qc4 Ka7 26. Nc8+ Kb7 27. Nd6+ Ka7 28. Qc6 Qxc6 29. Rxc6 Rg6 30. Rfc1 Nd7 31. Nf7 Rb8 32. Bd6 Rf6 33. Bxb8+ Nxb8 34. Rc7+ Nxc7 35. Rxc7+ Ka8 36. Nd6 e5 37. dxe5 Re6 38. f4 a5 39. Rxg7 1-0

[Event "ISR-Tch"]
[Site "ISR"]
[Date "2002.03.15"]
[Round "7"]
[White "Rabinovich, Alexander"]
[Black "Mikhalevski, Victor"]
[Result "1/2-1/2"]
[WhiteElo "2442"]
[BlackElo "2531"]
[PlyCount "39"]
[GameId "2129405144643687"]
[EventDate "2002.01.12"]
[EventType "team"]
[EventRounds "11"]
[EventCountry "ISR"]
[SourceTitle "The Week in Chess 391"]
[Source "Mark Crowther"]
[SourceDate "2002.05.06"]
[SourceVersion "1"]
[SourceVersionDate "2002.05.06"]
[SourceQuality "2"]

1. d4 Nf6 2. c4 g6 3. Nc3 d5 4. Nf3 Bg7 5. Bg5 Ne4 6. cxd5 Nxg5 7. Nxg5 e6 8. Qa4+ c6 9. dxc6 Nxc6 10. Nf3 Bd7 11. Qd1 Qb6 12. Qd2 Nxd4 13. O-O-O Bc6 14. Nxd4 Rd8 15. e3 e5 16. Qe1 exd4 17. exd4+ Kf8 18. d5 Rxd5 19. Rxd5 Bxd5 20. Qe7+ 1/2-1/2

[Event "ISR-Tch"]
[Site "ISR"]
[Date "2002.04.12"]
[Round "8"]
[White "Khmelniker, Ilya"]
[Black "Rabinovich, Alexander"]
[Result "0-1"]
[WhiteElo "2199"]
[BlackElo "2442"]
[PlyCount "76"]
[GameId "2129405144643715"]
[EventDate "2002.01.12"]
[EventType "team"]
[EventRounds "11"]
[EventCountry "ISR"]
[SourceTitle "The Week in Chess 391"]
[Source "Mark Crowther"]
[SourceDate "2002.05.06"]
[SourceVersion "1"]
[SourceVersionDate "2002.05.06"]
[SourceQuality "2"]

1. d4 d5 2. c4 e6 3. Nf3 c6 4. g3 dxc4 5. Bg2 b5 6. O-O Bb7 7. Nc3 Nd7 8. Ng5 Be7 9. f4 a6 10. e4 Ngf6 11. e5 Nd5 12. f5 Bxg5 13. fxe6 Bxc1 14. Nxd5 cxd5 15. exf7+ Kf8 16. Rxc1 Qe7 17. Qg4 h5 18. Qf5 Nb6 19. Rce1 Rd8 20. e6 Rd6 21. Qe5 h4 22. gxh4 Nc8 23. Rf5 Rh6 24. Rg5 Qf6 25. Bh3 Qxe5 26. Rexe5 Ne7 27. Re3 Rxh4 28. Reg3 Rh7 29. Kf2 Bc8 30. Re3 Rh6 31. Rge5 Rh4 32. Kg3 Rh6 33. Re1 b4 34. R5e3 a5 35. Kf4 Rh4+ 36. Ke5 Rc6 37. Rg1 Rxh3 38. Rxh3 Rxe6+ 0-1

[Event "ISR-Tch"]
[Site "ISR"]
[Date "2002.04.19"]
[Round "9"]
[White "Klenburg, Mikhail"]
[Black "Rabinovich, Alexander"]
[Result "1/2-1/2"]
[WhiteElo "2379"]
[BlackElo "2442"]
[PlyCount "72"]
[GameId "2129405144643755"]
[EventDate "2002.01.12"]
[EventType "team"]
[EventRounds "11"]
[EventCountry "ISR"]
[SourceTitle "The Week in Chess 391"]
[Source "Mark Crowther"]
[SourceDate "2002.05.06"]
[SourceVersion "1"]
[SourceVersionDate "2002.05.06"]
[SourceQuality "2"]

1. g3 d5 2. Bg2 Nf6 3. d3 g6 4. Nf3 Bg7 5. O-O O-O 6. Nbd2 c5 7. e4 Nc6 8. c3 e5 9. a4 Re8 10. exd5 Nxd5 11. Re1 h6 12. Nc4 Bf5 13. Nh4 Be6 14. Nf3 Bf5 15. Ne3 Nxe3 16. Bxe3 Qd6 17. Nd2 b6 18. Ne4 Qc7 19. Qf3 Rac8 20. h3 Qe7 21. g4 Bxe4 22. dxe4 Bf6 23. Bxh6 Bg5 24. Bxg5 Qxg5 25. Qe3 Qe7 26. Bf1 Kg7 27. Bb5 Rh8 28. Bxc6 Rxc6 29. Rad1 Rf6 30. Rd5 Rf4 31. Kg2 Qe6 32. Red1 Rxg4+ 33. hxg4 Qxg4+ 34. Qg3 Qxe4+ 35. f3 Qe2+ 36. Kg1 Qe3+ 1/2-1/2

[Event "ISR-op"]
[Site "Tel Aviv ISR"]
[Date "2001.04.11"]
[Round "3"]
[White "Doettling, Fabian"]
[Black "Rabinovich, Alexander"]
[Result "1/2-1/2"]
[WhiteElo "2509"]
[BlackElo "2433"]
[PlyCount "22"]
[GameId "2129405149828300"]
[EventDate "2001.04.09"]
[EventType "swiss"]
[EventRounds "9"]
[EventCountry "ISR"]
[SourceTitle "The Week in Chess 336"]
[Source "Mark Crowther"]
[SourceDate "2001.04.16"]
[SourceVersion "1"]
[SourceVersionDate "2001.04.16"]
[SourceQuality "2"]

1. d4 d5 2. c4 c6 3. Nf3 Nf6 4. e3 Bf5 5. Nc3 e6 6. Bd3 Bxd3 7. Qxd3 Nbd7 8. O-O Be7 9. e4 dxe4 10. Nxe4 Nxe4 11. Qxe4 O-O 1/2-1/2

[Event "ISR-op"]
[Site "Tel Aviv ISR"]
[Date "2001.04.12"]
[Round "4"]
[White "Rabinovich, Alexander"]
[Black "Kaspi, Alexander"]
[Result "1-0"]
[WhiteElo "2433"]
[BlackElo "2491"]
[PlyCount "43"]
[GameId "2129405149828328"]
[EventDate "2001.04.09"]
[EventType "swiss"]
[EventRounds "9"]
[EventCountry "ISR"]
[SourceTitle "The Week in Chess 336"]
[Source "Mark Crowther"]
[SourceDate "2001.04.16"]
[SourceVersion "1"]
[SourceVersionDate "2001.04.16"]
[SourceQuality "2"]

1. d4 f5 2. e4 fxe4 3. Nc3 Nf6 4. Bg5 b6 5. f3 Bb7 6. d5 exf3 7. Nxf3 g6 8. Qd2 Bg7 9. O-O-O a5 10. h4 O-O 11. Bxf6 exf6 12. h5 Ba6 13. hxg6 hxg6 14. Nb5 d6 15. Nbd4 f5 16. Ne6 Qf6 17. Nxg7 Qxg7 18. Ng5 Bxf1 19. Ne6 Qf6 20. Nxf8 Qxf8 21. Qg5 Kg7 22. Re1 1-0

[Event "ISR-op"]
[Site "Tel Aviv ISR"]
[Date "2001.04.14"]
[Round "6"]
[White "Rabinovich, Alexander"]
[Black "Golod, Vitali"]
[Result "0-1"]
[WhiteElo "2433"]
[BlackElo "2593"]
[PlyCount "44"]
[GameId "2129405149828371"]
[EventDate "2001.04.09"]
[EventType "swiss"]
[EventRounds "9"]
[EventCountry "ISR"]
[SourceTitle "The Week in Chess 336"]
[Source "Mark Crowther"]
[SourceDate "2001.04.16"]
[SourceVersion "1"]
[SourceVersionDate "2001.04.16"]
[SourceQuality "2"]

1. d4 d5 2. Nf3 Nf6 3. c4 e6 4. Nc3 c5 5. cxd5 Nxd5 6. e4 Nxc3 7. bxc3 cxd4 8. cxd4 Bb4+ 9. Bd2 Bxd2+ 10. Qxd2 O-O 11. Rd1 b6 12. Bd3 Nc6 13. Bb1 Ba6 14. e5 Qd5 15. Ng5 h6 16. Bh7+ Kh8 17. Be4 Qb5 18. Rc1 Rac8 19. Rb1 Qc4 20. Rc1 Qb5 21. Rb1 Qa4 22. Nf3 Rfd8 0-1

[Event "ISR-op"]
[Site "Tel Aviv ISR"]
[Date "2001.04.16"]
[Round "8"]
[White "Rabinovich, Alexander"]
[Black "Chernomordik, Pavel"]
[Result "1-0"]
[WhiteElo "2433"]
[BlackElo "2262"]
[PlyCount "79"]
[GameId "2129405149828410"]
[EventDate "2001.04.09"]
[EventType "swiss"]
[EventRounds "9"]
[EventCountry "ISR"]
[SourceTitle "The Week in Chess 337"]
[Source "Mark Crowther"]
[SourceDate "2001.04.23"]
[SourceVersion "1"]
[SourceVersionDate "2001.04.23"]
[SourceQuality "2"]

1. d4 d5 2. c4 dxc4 3. Nf3 Nf6 4. Nc3 c6 5. a4 c5 6. d5 Bf5 7. Nh4 Bc8 8. e4 e6 9. Nf3 exd5 10. e5 Nfd7 11. Qxd5 Be7 12. Bxc4 O-O 13. Qe4 Nb6 14. Bb3 c4 15. Bxc4 Nxc4 16. Qxc4 Bf5 17. Nd4 Bg6 18. O-O Nd7 19. Nf3 Rc8 20. Qa2 Qa5 21. Nd5 Rfe8 22. Bd2 Qa6 23. Rac1 Rxc1 24. Nxe7+ Rxe7 25. Rxc1 h6 26. Rc8+ Kh7 27. Qa3 Re6 28. Ng5+ hxg5 29. Qh3+ Bh5 30. Qxh5+ Rh6 31. Qxg5 Qe2 32. Rc1 Rh5 33. Qe3 Qxe3 34. Bxe3 Rxe5 35. Rc7 Nb6 36. Rxb7 Nxa4 37. g3 Kg6 38. Bxa7 Re2 39. Bd4 Rd2 40. Rb4 1-0

[Event "Lost Boys op"]
[Site "Antwerp BEL"]
[Date "1999.08.05"]
[Round "6"]
[White "Mikhalevski, Victor"]
[Black "Rabinovich, Alexander"]
[Result "1-0"]
[WhiteElo "2516"]
[BlackElo "2413"]
[PlyCount "69"]
[GameId "2129405161537555"]
[EventDate "1999.07.30"]
[EventType "swiss"]
[EventRounds "9"]
[EventCountry "BEL"]

1. d4 d5 2. c4 c6 3. Nf3 e6 4. g3 dxc4 5. Bg2 b5 6. O-O Nd7 7. a4 Bb7 8. Nc3 a6 9. Ne5 Ne7 10. Nxf7 Kxf7 11. Ne4 Kg8 12. Ng5 Nf6 13. axb5 Bc8 14. bxc6 Ra7 15. Ra4 h6 16. Nh3 g5 17. Rxc4 Rh7 18. e4 a5 19. Re1 Ba6 20. Rc3 Nc8 21. Qb3 Bb4 22. Qxe6+ Kh8 23. Nxg5 Bxc3 24. bxc3 Rhg7 25. Qh3 Rg6 26. Ne6 Qe8 27. Nf4 Rgg7 28. Qxh6+ Nh7 29. e5 Ne7 30. Be4 Bc4 31. Nh5 Rg6 32. Qxh7+ Kxh7 33. Nf6+ Kh8 34. Nxe8 Rg8 35. Nf6 1-0

[Event "Dieren op"]
[Site "Dieren NED"]
[Date "1999.07.25"]
[Round "6"]
[White "Meijers, Viesturs"]
[Black "Rabinovich, Alexander"]
[Result "1-0"]
[WhiteElo "2472"]
[BlackElo "2413"]
[PlyCount "84"]
[GameId "2129405161538430"]
[EventDate "1999.07.20"]
[EventType "swiss"]
[EventRounds "9"]
[EventCountry "NED"]
[SourceTitle "CBM 71 ext"]
[Source "ChessBase"]
[SourceDate "1999.09.14"]
[SourceVersion "1"]
[SourceVersionDate "1999.09.14"]
[SourceQuality "1"]

1. e4 e6 2. d4 d5 3. exd5 exd5 4. Nf3 Nc6 5. c4 Nf6 6. Nc3 Be7 7. Ne5 dxc4 8. Nxc6 bxc6 9. Bxc4 O-O 10. O-O Rb8 11. Bb3 Bg4 12. f3 Bf5 13. Be3 Bd6 14. Bf2 Re8 15. Re1 Nd5 16. Rxe8+ Qxe8 17. Qd2 Qd8 18. Ne4 Bf4 19. Qe2 h6 20. g3 Bd6 21. Qc4 Rb6 22. Nxd6 cxd6 23. Qa4 Bd3 24. Bxd5 cxd5 25. Re1 Qf6 26. Qxa7 Ra6 27. Qb8+ Kh7 28. Qb3 Bc4 29. Qc2+ g6 30. b3 Bb5 31. a4 Bd7 32. Qe2 Rb6 33. Qe3 Rb8 34. g4 h5 35. h3 Rc8 36. Qe7 Qxf3 37. Qxd7 Rc2 38. Rf1 Kg7 39. Qxd6 Qxh3 40. gxh5 Qxh5 41. Qe5+ Qxe5 42. dxe5 Rb2 1-0

[Event "Dieren op"]
[Site "Dieren NED"]
[Date "1999.07.26"]
[Round "7"]
[White "Rabinovich, Alexander"]
[Black "Berkvens, Joost"]
[Result "0-1"]
[WhiteElo "2413"]
[BlackElo "2268"]
[PlyCount "106"]
[GameId "2129405161538467"]
[EventDate "1999.07.20"]
[EventType "swiss"]
[EventRounds "9"]
[EventCountry "NED"]
[SourceTitle "CBM 71 ext"]
[Source "ChessBase"]
[SourceDate "1999.09.14"]
[SourceVersion "1"]
[SourceVersionDate "1999.09.14"]
[SourceQuality "1"]

1. d4 f5 2. Bf4 Nf6 3. e3 g6 4. h4 h6 5. Nf3 d6 6. Nc3 Bg7 7. Bd3 Nc6 8. a3 e6 9. Qe2 Qe7 10. Bh2 Bd7 11. O-O-O O-O-O 12. Kb1 Kb8 13. Rhe1 Ng4 14. Bg3 Rhf8 15. Nd2 g5 16. hxg5 hxg5 17. Nc4 Bc8 18. Qd2 d5 19. Ne5 Ncxe5 20. dxe5 Nxe5 21. Nb5 Qc5 22. Rh1 f4 23. exf4 Nxd3 24. Qxd3 gxf4 25. Bh4 Rd7 26. Nd4 Qb6 27. c3 e5 28. Nc2 e4 29. Qd2 a5 30. g3 fxg3 31. Bxg3 Ka8 32. Ka1 Rf5 33. Ne3 Rf3 34. Rh5 c6 35. Rg5 Qd8 36. Rf5 Rf7 37. Rxf7 Rxf7 38. Nc4 Bg4 39. Rg1 Be6 40. Bh2 Bf6 41. Ne3 b6 42. Nc2 c5 43. Qe2 Ka7 44. f3 d4 45. Qxe4 Bd5 46. Qd3 dxc3 47. bxc3 Rd7 48. Kb2 Bb3 49. Qf5 Bxc2 50. Kxc2 Rd2+ 51. Kc1 Rxh2 52. Rd1 Qe8 53. Qxf6 Qe2 0-1

[Event "Dieren op"]
[Site "Dieren NED"]
[Date "1999.07.27"]
[Round "8"]
[White "Meijere, Agnese"]
[Black "Rabinovich, Alexander"]
[Result "0-1"]
[WhiteElo "2150"]
[BlackElo "2413"]
[PlyCount "50"]
[GameId "2129405161538501"]
[EventDate "1999.07.20"]
[EventType "swiss"]
[EventRounds "9"]
[EventCountry "NED"]
[SourceTitle "CBM 71 ext"]
[Source "ChessBase"]
[SourceDate "1999.09.14"]
[SourceVersion "1"]
[SourceVersionDate "1999.09.14"]
[SourceQuality "1"]

1. e4 e6 2. d4 d5 3. Nc3 Nf6 4. e5 Nfd7 5. Nce2 c5 6. c3 Nc6 7. Nf3 cxd4 8. cxd4 f6 9. Nf4 Bb4+ 10. Bd2 Qe7 11. exf6 Nxf6 12. Nd3 Bd6 13. g3 O-O 14. Bg2 Bd7 15. O-O Be8 16. Bf4 Bh5 17. Bxd6 Qxd6 18. Nf4 Bg4 19. Re1 g5 20. Nh3 Bxh3 21. Bxh3 g4 22. Bxg4 Nxg4 23. Ng5 Nf6 24. Rxe6 Qd7 25. Qd2 h6 0-1

[Event "ISR-Tch"]
[Site "Tel Aviv ISR"]
[Date "1999.01.22"]
[Round "3"]
[White "Gruenfeld, Yehuda"]
[Black "Rabinovich, Alexander"]
[Result "0-1"]
[WhiteElo "2475"]
[BlackElo "2460"]
[PlyCount "82"]
[GameId "2129405164375604"]
[EventDate "1999.??.??"]
[EventType "team"]
[EventRounds "11"]
[EventCountry "ISR"]
[SourceTitle "EXT 2000"]
[Source "ChessBase"]
[SourceDate "1999.11.18"]
[SourceVersion "1"]
[SourceVersionDate "1999.11.18"]
[SourceQuality "1"]

1. e4 e6 2. d4 d5 3. Nc3 Nf6 4. e5 Nfd7 5. f4 c5 6. Nf3 Nc6 7. Be3 cxd4 8. Nxd4 Qb6 9. Qd2 Qxb2 10. Rb1 Qa3 11. Be2 Nxd4 12. Bxd4 a6 13. Nd1 Bc5 14. c3 Qa5 15. Nf2 b5 16. O-O Bxd4 17. Qxd4 Qxa2 18. Qe3 Qa3 19. Rb4 g6 20. Ng4 h5 21. Nf6+ Nxf6 22. exf6 Qa5 23. f5 gxf5 24. Rxf5 Bb7 25. Qc5 Qd8 26. Rf2 Rc8 27. Qa7 Qd7 28. Qe3 Qc7 29. Rb3 h4 30. Rf4 h3 31. g3 Qc5 32. Rd4 Rc7 33. Qe5 Kd7 34. Bg4 Qb6 35. Kf1 Qd6 36. Qg5 Rcc8 37. Ke1 Kc7 38. Qe3 Kb8 39. Be2 e5 40. Rdb4 Rc7 41. Qg5 Re8 0-1

[Event "ISR-Tch"]
[Site "Tel Aviv ISR"]
[Date "1999.04.09"]
[Round "7"]
[White "Rabinovich, Alexander"]
[Black "Ribshtein, Nati"]
[Result "1/2-1/2"]
[WhiteElo "2437"]
[BlackElo "2304"]
[PlyCount "121"]
[GameId "2129405164379830"]
[EventDate "1999.??.??"]
[EventType "team"]
[EventRounds "11"]
[EventCountry "ISR"]

1. d4 Nf6 2. c4 g6 3. Nc3 Bg7 4. e4 d6 5. Nge2 O-O 6. Ng3 c5 7. d5 e6 8. Be2 exd5 9. exd5 Nbd7 10. O-O a6 11. a4 Ne8 12. Kh1 f5 13. f4 b6 14. Qc2 Nc7 15. b3 Qh4 16. Bd2 Bb7 17. a5 b5 18. cxb5 axb5 19. Nxb5 Nxb5 20. Bxb5 Bxa1 21. Bxd7 Bg7 22. Be6+ Kh8 23. Rf3 Bc8 24. Ne2 Bxe6 25. dxe6 Qe7 26. Re3 d5 27. Ng1 Ra6 28. Nf3 d4 29. Re1 Rxe6 30. Rxe6 Qxe6 31. Qxc5 Qxb3 32. h3 Rd8 33. Qe7 Qb8 34. Ng5 Re8 35. Qd7 Qc8 36. Qb5 Re7 37. Kh2 h6 38. Nf3 Qb7 39. Qc4 Qc7 40. Qa6 g5 41. Qg6 Rf7 42. Kh1 Rf6 43. Qe8+ Rf8 44. Qa4 gxf4 45. Nxd4 Qe5 46. Nf3 Qe4 47. Qd7 Rb8 48. a6 Rb1+ 49. Kh2 Ra1 50. a7 Qa8 51. Qxf5 Rxa7 52. Nh4 Qe8 53. Bxf4 Rf7 54. Qg6 Qf8 55. Qe4 Qd8 56. Nf3 Qf6 57. Ne5 Ra7 58. Ng4 Qf8 59. Ne5 Qf6 60. Ng6+ Kg8 61. Ne5 1/2-1/2